Dorozsma és Tápé - nagyközség

Elmentve itt :
Bibliográfiai részletek
Dokumentumtípus: Cikk
Megjelent: 1969-12-31
Sorozat:Délmagyarország
Kulcsszavak:Kiskundorozsma, Tápé, Nagyközség Tápé, Nagyközség Kiskundorozsma, Közigazgatás nagyközség 1969 Tápé, Közigazgatás nagyközség 1969 Kiskundorozsma
Online Access:http://dmarchiv.bibl.u-szeged.hu/36713
LEADER 00540nab a2200145 i 4500
001 delm36713
005 20180927112808.0
008 180927s1969 hu o 0|| hun d
040 |a SZTE Délmagyarország Archívum  |b hun 
041 |a hun 
245 0 0 |a Dorozsma és Tápé - nagyközség  |h [elektronikus dokumentum] 
260 |c 1969-12-31 
300 |a 1 
490 0 |a Délmagyarország 
695 |a Kiskundorozsma, Tápé, Nagyközség Tápé, Nagyközség Kiskundorozsma, Közigazgatás nagyközség 1969 Tápé, Közigazgatás nagyközség 1969 Kiskundorozsma